Detalles MARC
| 000 -CABECERA |
| campo de control de longitud fija |
03326nam a2200337 a 4500 |
| 001 - NÚMERO DE CONTROL |
| campo de control |
000046027 |
| 003 - IDENTIFICADOR DEL NÚMERO DE CONTROL |
| campo de control |
DO-SdBNP |
| 005 - FECHA Y HORA DE LA ÚLTIMA TRANSACCIÓN |
| campo de control |
20250130122532.0 |
| 007 - CAMPO FIJO DE DESCRIPCIÓN FÍSICA--INFORMACIÓN GENERAL |
| campo de control de longitud fija |
ta |
| 008 - DATOS DE LONGITUD FIJA--INFORMACIÓN GENERAL |
| campo de control de longitud fija |
150611s2011 pr 000 0 spa d |
| 020 ## - NÚMERO INTERNACIONAL ESTÁNDAR DEL LIBRO |
| Número Internacional Estándar del Libro |
9789993469148 |
| 040 ## - FUENTE DE LA CATALOGACIÓN |
| Centro catalogador/agencia de origen |
DO-SdBNP |
| Lengua de catalogación |
spa |
| Centro/agencia transcriptor |
BNPHU |
| Normas de descripción |
rda |
| 041 ## - CÓDIGO DE LENGUA |
| Código de lengua original |
spa |
| 082 ## - NÚMERO DE LA CLASIFICACIÓN DECIMAL DEWEY |
| Número de clasificación |
xxxx |
| Número de documento/Ítem |
F727p |
| Número de edición |
22 |
| 100 1# - ENTRADA PRINCIPAL--NOMBRE DE PERSONA |
| Nombre de persona |
Fornerín, Miguel Ángel, |
| Fechas asociadas al nombre |
1960- |
| Término indicativo de función/relación |
autor |
| 9 (RLIN) |
22504 |
| 245 14 - MENCIÓN DE TÍTULO |
| Título |
Las palabras sublevadas / |
| Mención de responsabilidad, etc. |
Miguel Ángel Fornerín. |
| 264 ## - PRODUCCIÓN, PUBLICACIÓN, DISTRIBUCIÓN, FABRICACIÓN Y COPYRIGHT |
| Producción, publicación, distribución, fabricación y copyright |
Puerto Rico : |
| Nombre del de productor, editor, distribuidor, fabricante |
[Miguel Ángel Fornerín], |
| Fecha de producción, publicación, distribución, fabricación o copyright |
2011. |
| 300 ## - DESCRIPCIÓN FÍSICA |
| Extensión |
178 páginas ; |
| Dimensiones |
23 cm |
| 336 ## - TIPO DE CONTENIDO |
| Término de tipo de contenido |
rdacontent |
| Código de tipo de contenido |
texto |
| Fuente |
txt |
| 337 ## - TIPO DE MEDIO |
| Nombre/término del tipo de medio |
rdamedia |
| Código del tipo de medio |
sin mediación |
| Fuente |
n |
| 338 ## - TIPO DE SOPORTE |
| Nombre/término del tipo de soporte |
rdacarrier |
| Código del tipo de soporte |
volumen |
| Fuente |
nc |
| 500 ## - NOTA GENERAL |
| Nota general |
Incluye referencias bibliográficas y notas al pie de las páginas. |
| 500 ## - NOTA GENERAL |
| Nota general |
Incluye datos biográficos del autor en la solapa de la cubierta. |
| 500 ## - NOTA GENERAL |
| Nota general |
Esta obra se publica gracias al aporte del Fondo Institucional para el Desarrollo de la Investigación (FIDI) de la Universidad de Puerto Rico en Cayey |
| 505 0# - NOTA DE CONTENIDO CON FORMATO |
| Nota de contenido con formato |
Las sublevaciones de Miguel Ángel Fornerín, Eugenio García Cuevas -- |
| Título |
El fin de la epicidad : autor y lector crítico de un poema decadentista -- |
| -- |
El caribe: puertas y ventanas a un vecindario sincrético -- |
| -- |
Caribeños, la mirada dominicana de Edgardo Rodríguez Juliá -- |
| -- |
El Caribe contado por el cronista Edgardo Rodríguez Juliá -- |
| -- |
Comentarios y precisiones sobre el libro La evolución de la negritud literaria en República Dominicana de Dawn F. Stinchcomb -- |
| -- |
Haití : miseria, negritud y masacre en Mi compadre el general Sol de Jacques Estéphen Alexis -- |
| Mención de responsabilidad |
Pensar al Caribe, para una discusión de lo caribeóo -- |
| Título |
Los escenarios del tíguere (títere) -- |
| Mención de responsabilidad |
El efecto Enriquillo en la identidad del dominicano -- |
| Título |
Miguel Enríquez : historias de un corsario que funda la mulatez en el Caribe -- |
| Mención de responsabilidad |
La negritud de Luis Palés Matos -- |
| Título |
Algunas consideraciones sobre La novela dominicana 1980-2009 de Avelino Stanley -- |
| -- |
El lenguaje en la novela dominicana a veinte amos de Sólo cenizas hallarás (bolero) -- |
| -- |
El nacimiento del narrador Frank Núñez en Adiós a la bohemia -- |
| -- |
La literatura en tránsito, la anticipación -- |
| -- |
En abril infancias mil de Maryse Renaud -- |
| -- |
Familia, etnicidad y heterotopía en El cuaderno granate de Maryse Renaud -- |
| -- |
Amoricidio de Rey Emmanuel Andújar -- |
| -- |
Sujetos y predicados (El hijo de la mujer y diez cuentos más) de Eugenio García Cuevas -- |
| -- |
La persistencia del neorrealismo y la ciudad en Cóctel con frenesí de Emilia Pereyra -- |
| -- |
Néstor Caro : el realismo social y la representación del campesino -- |
| -- |
La narrativa breve de Tomás López Ramírez en Cordial magia enemiga -- |
| -- |
Historia y mentalidad en En busca del pueblo dominicano de Juan José Ayuso -- |
| -- |
Los desnudos de Juan Isidro Jimenes Grullón -- |
| -- |
Rubén Darío y la sacerdotista de Amón de Germán Espinoza -- |
| -- |
En el ferryboat un día cualquiera, alguien escribirá la historia de Alexis Gómez -- |
| -- |
Ánjelamaría Dávila : una mujer dishilachada -- |
| 505 0# - NOTA DE CONTENIDO CON FORMATO |
| Nota de contenido con formato |
El jíbaro de Nelson Miranda, un comentario liminar -- |
| Título |
La enseñanza de los clásicos, ¿es posible en la escuela de hoy? |
| 586 ## - NOTA DE PREMIOS |
| Nota de premios |
Premio de ensayo " Pedro Heríquez Ureña" en su obra inédita: La escritura de Pedro Mir en 1995. |
| 590 ## - NOTA LOCAL (RLIN) |
| Nota local |
Inventariado, 2025/DG |
| 910 ## - DATOS DE OPCIÓN DEL USUARIO (OCLC) |
| Datos de opción del usuario |
DG |
| 942 ## - ELEMENTOS DE PUNTO DE ACCESO ADICIONAL (KOHA) |
| Fuente del sistema de clasificación o colocación |
Dewey Decimal Classification |
| Tipo de ítem Koha |
Libro |